|
|
|
|
| LEADER |
01473cas a2200241 a 4500 |
| 001 |
AALejournalIMF010342 |
| 008 |
230101c9999 xx r poo 0 0eng d |
| 020 |
|
|
|c 5.00 USD
|
| 020 |
|
|
|z 9781451924893
|
| 022 |
|
|
|a 0047-083X
|
| 040 |
|
|
|a BD-DhAAL
|c BD-DhAAL
|
| 110 |
2 |
|
|a International Monetary Fund.
|b External Relations Dept.
|
| 245 |
1 |
0 |
|a IMF Survey :
|b Volume 28, Issue 23.
|
| 264 |
|
1 |
|a Washington, D.C. :
|b International Monetary Fund,
|c 1999.
|
| 300 |
|
|
|a 1 online resource (16 pages)
|
| 490 |
1 |
|
|a IMF Survey
|
| 500 |
|
|
|a <strong>Off-Campus Access:</strong> No User ID or Password Required
|
| 500 |
|
|
|a <strong>On-Campus Access:</strong> No User ID or Password Required
|
| 506 |
|
|
|a Electronic access restricted to authorized BRAC University faculty, staff and students
|
| 520 |
3 |
|
|a IMF Managing Director Michel Camdessus recently spoke with the editors of the IMF Survey about events over the past 13 years, as well as about future developments in the international monetary system and the evolution of the IMF. The interview will be published in two parts-the first, which follows, focuses on developments since 1987. The second part, which looks to the future, will be published in the next issue of the IMF Survey, dated January 10, 2000.
|
| 538 |
|
|
|a Mode of access: Internet
|
| 830 |
|
0 |
|a IMF Survey; IMF Survey ;
|v No. 0028/023
|
| 856 |
4 |
0 |
|z Full text available on IMF
|u http://elibrary.imf.org/view/journals/023/0028/023/023.0028.issue-023-en.xml
|z IMF e-Library
|